Principles of gene manipulation : An introduction to genetic engineering

שמור ב:
מידע ביבליוגרפי
מחבר ראשי: Old, R. W.
פורמט: ספר
שפה:Undetermined
יצא לאור: London Blackwell Scientific Publications [1987]
נושאים:
תגים: הוספת תג
אין תגיות, היה/י הראשונ/ה לתייג את הרשומה!
Thư viện lưu trữ: Trung tâm Học liệu Trường Đại học Cần Thơ
LEADER 00573nam a2200193Ia 4500
001 CTU_192459
008 210402s9999 xx 000 0 und d
082 |a 576.5 
082 |b O.44 
100 |a Old, R. W. 
245 0 |a Principles of gene manipulation : 
245 3 |b An introduction to genetic engineering 
245 0 |c R. W. Old, S. B. Primrose 
260 |a London 
260 |b Blackwell Scientific Publications 
260 |c [1987] 
650 |a Genetic engineering,Recombinant DNA 
904 |i Trúc 
980 |a Trung tâm Học liệu Trường Đại học Cần Thơ